ბათუმის შოთა რუსთაველის სახელმწიფო უნივერსიტეტის ბიბლიოთეკა

დაბადებამდელი ბავშვის სიხარული და მწუხარება : (ბიბ.ჩანაწერი № 41342)

000 -ლიდერი
ფიქსირებული სიგრძის საკონტროლო ველი 02231nam a2200289Ia 4500
001 - საკონტროლო ნომერი
საკონტროლო ველი 8000
003 - საკონტროლო ნომრის იდენტიფიკატორი
საკონტროლო ველი GE_BSU
005 - ბოლო ოპერაციის თარიღი და დრო
საკონტროლო ველი 20240212155448.0
008 - ფიქსირებული სიგრძის მონაცემთა ელემენტები - ზოგადი ინფორმაცია
ფიქსირებული სიგრძის საკონტროლო ველი 181216s2007ge xx |||||||||||||| ||geo||
020 ## - წიგნის საერთაშორისო სტანდარტული ნომერი
International Standard Book Number 589512223
040 ## - კატალოგიზაციის წყარო
Transcribing agency GE_BSU
041 ## - ენის კოდი
Language code of text/sound track or separate title geo
080 ## - უნივერსალური ათობითი კლასიფიკაციის ინდექსი
Universal Decimal Classification number 343.621+618 ა-26
100 ## - მთავარი ჩანაწერი - პიროვნების სახელი
Personal name ახალაძე, ადამი (ვახტანგ არქიმანდრიტი)
9 (RLIN) 14970
245 ## - ცნობა სათაურის შესახებ
Title დაბადებამდელი ბავშვის სიხარული და მწუხარება :
Remainder of title ორსულობა და მუცლადყოფნის ხანის ბიოეთიკური პარადოქსები /
Statement of responsibility, etc ადამი (ვახტანგ არქიმანდრიტი) ახალაძე, ინგლ. ენაზე მთარგმნ. ცისანა (მარიამ) ბოცვაძე ; რუს. ენაზე მთარგმნ. ნინო მიქაბერიძე ; რედ. ავთანდილ არაბული.
250 ## - გამოცემის ცნობა
Edition statement ბიოეთიკის კვლევისა და კულტ.ცენტრი.1-ლი გამოცემა.(თამარის დროშის ბიბლიოთეკა წ.2)
264 ## - წარმოების, გამოცემის, დისტრიბუციის და სხვა ცნობები
გამოცემის, წარმოების, დისტრიბუციის... ადგილი თბილისი :
გამოცემის, წარმოების, დისტრიბუციის... სახელწოდება თამარის დროშა,
გამოცემის, წარმოების, დისტრიბუციის... თარიღი 2007.
300 ## - ფიზიკური აღწერა
Extent 160 გვ. :
Other physical details ილ. ;
Dimensions 22 სმ.
520 ## - SUMMARY, ETC.
Summary, etc რეზიუმე ინგლისურ და რუსულ ენებზე
653 ## - INDEX TERM--UNCONTROLLED
Uncontrolled term დაბადებამდელი ბავშვის სიხარული და მწუხარება
653 ## - INDEX TERM--UNCONTROLLED
Uncontrolled term ორსულობა და მუცლადყოფნის ხანის ბიოეთიკური პარადოქსები.
653 ## - INDEX TERM--UNCONTROLLED
Uncontrolled term სამართალი
700 ## - ADDED ENTRY--PERSONAL NAME
Personal name ბოცვაძე, (მარიამ) ცისანა
Relator term მთარგმნელი
9 (RLIN) 14971
700 ## - ADDED ENTRY--PERSONAL NAME
Personal name მიქაბერიძე, ნინო
Relator term მთარგმნელი
9 (RLIN) 14972
700 ## - ADDED ENTRY--PERSONAL NAME
Personal name არაბული, ავთანდილ
Relator term რედაქტორი
9 (RLIN) 14973
942 ## - ADDED ENTRY ELEMENTS (KOHA)
Koha item type წიგნი
Source of classification or shelving scheme
ეგზემპლარები
ჩამოწერის სტატუსი დაკარგული ეგზემპლარის სტატუსი კლასიფიკაციის წყარო ან თაროზე გაწყობის სქემა დაზიანების სტატუსი არ გაიცემა მუდმივი მდებარეობა (დაცვის ადგილი) ამჟამინდელი ადგილსამყოფელი თაროზე განთავსების ადგილი შეძენის თარიღი სრული შენახვის შიფრი შტრიხკოდი ბოლო ოპერაციის თარიღი ეგზემპლარის მიმდევრობითი ნომერი (კეტერი?) ფასის ძალაში შესვლის თარიღი ეგზემპლარის სახეობა
          ბათუმის შოთა რუსთაველის სახელმწიფო უნივერსიტეტის მთავარი ბიბლიოთეკა ბათუმის შოთა რუსთაველის სახელმწიფო უნივერსიტეტის მთავარი ბიბლიოთეკა წიგნსაცავი 2018-12-17 343.621+618 ა-26 25068 2018-12-17 25068 2018-12-17 წიგნი